[Event "London Classic Open 2014"]
[Site "London ENG"]
[Date "2014.12.13"]
[Round "7.48"]
[White "Iyengar, Ilya"]
[Black "Hebbes, Tim"]
[Result "1/2-1/2"]
[WhiteElo "2002"]
[BlackElo "2126"]
[WhiteFideId "405949"]
[BlackFideId "406570"]
[EventDate "2014.12.08"]

1. d4 Nf6 2. Nf3 e6 3. g3 c5 4. c4 cxd4 5. Nxd4 Bc5 6. Nb3 Be7 7. Nc3 O-O 8. Bg2
Nc6 9. O-O a6 10. c5 d5 11. cxd6 Bxd6 12. Be3 Ng4 13. Bc5 Bxc5 14. Nxc5 Qg5 15.
N5e4 Qh6 16. h3 Nf6 17. Qc1 Qg6 1/2-1/2

[Event "London Classic Open 2014"]
[Site "London ENG"]
[Date "2014.12.13"]
[Round "7.49"]
[White "Hill, Alistair"]
[Black "Gschwendtner, Stanislav"]
[Result "1-0"]
[WhiteElo "2112"]
[BlackElo "1998"]
[WhiteFideId "432407"]
[BlackFideId "307297"]
[EventDate "2014.12.08"]

1. e4 c5 2. Nf3 d6 3. d4 Nf6 4. Nc3 cxd4 5. Nxd4 g6 6. Be3 Bg7 7. f3 Nc6 8. Qd2
O-O 9. Bc4 Nxd4 10. Bxd4 Be6 11. Bb3 Qa5 12. O-O-O Rac8 13. Kb1 Rc7 14. Bxf6
Bxf6 15. Nd5 Qxd2 16. Nxf6+ exf6 17. Rxd2 Bxb3 18. axb3 Rfc8 19. c3 Rc6 20. Rhd1
Rd8 21. Kc2 Kf8 22. Rd5 a6 23. Ra5 h5 24. b4 Ke7 25. Kd3 Rdc8 26. Rda1 Ke6 27.
Kc2 Rb6 28. Kb3 Rbc6 29. Rd1 Rc4 30. Rdd5 R4c7 31. b5 axb5 32. Rdxb5 Rd8 33. Rb6
Rdd7 34. Rab5 Ke7 35. c4 Kd8 36. Kc3 Kc8 37. Kd4 Rc6 38. Kd5 Rxb6 39. Rxb6 Kc7
40. c5 dxc5+ 41. Kxc5 Rd2 42. Rxf6 b6+ 43. Kc4 Rxg2 44. h4 Rxb2 45. Rxf7+ Kd6
46. Rf6+ Ke5 47. Rxg6 Kf4 48. Kd5 Kxf3 49. e5 Rd2+ 50. Kc6 Kf4 51. Rg5 Re2 52.
Kd6 Rd2+ 53. Ke7 b5 54. e6 b4 55. Kf7 b3 56. e7 b2 57. e8=Q b1=Q 58. Qe5+ Kf3
59. Rg3+ 1-0

[Event "London Classic Open 2014"]
[Site "London ENG"]
[Date "2014.12.13"]
[Round "7.50"]
[White "Haldorsen, Benjamin"]
[Black "Vachtfeidl, Petr"]
[Result "1-0"]
[WhiteElo "2096"]
[BlackElo "1985"]
[WhiteFideId "1512633"]
[BlackFideId "315028"]
[EventDate "2014.12.08"]

1. e4 c5 2. Nf3 e6 3. Nc3 d6 4. d4 cxd4 5. Nxd4 Nf6 6. Be3 a6 7. f3 b5 8. Qd2
Nbd7 9. O-O-O Bb7 10. g4 h6 11. h4 b4 12. Nce2 d5 13. exd5 Nxd5 14. Bf2 Bd6 15.
Rg1 Qa5 16. Kb1 Rc8 17. g5 Ne5 18. Nb3 Qc7 19. Ned4 hxg5 20. Rxg5 g6 21. Re1 Nb6
22. f4 Nec4 23. Bxc4 Nxc4 24. Qe2 Bd5 25. Rxd5 1-0

[Event "London Classic Open 2014"]
[Site "London ENG"]
[Date "2014.12.13"]
[Round "7.51"]
[White "Lien, Kjell Hakon"]
[Black "Othman, Mustapha"]
[Result "0-1"]
[WhiteElo "2078"]
[BlackElo "1973"]
[WhiteFideId "1510444"]
[BlackFideId "8500797"]
[EventDate "2014.12.08"]

1. b4 Nf6 2. Bb2 d5 3. e3 g6 4. c4 Bg7 5. cxd5 O-O 6. Bxf6 Bxf6 7. Nc3 c6 8.
dxc6 Nxc6 9. a3 Bf5 10. Nf3 e5 11. e4 Bg4 12. Be2 a5 13. b5 Nd4 14. O-O Nxe2+
15. Qxe2 Bxf3 16. gxf3 Bg5 17. Nd5 Rc8 18. Rac1 Qd6 19. a4 Qa3 20. Rc3 Rxc3 21.
Nxc3 Rc8 22. Rd1 Kg7 23. Kg2 Qb2 24. Nd5 Qc2 25. Kf1 Rc4 26. Nb6 Rd4 27. d3 Qc5
28. Nc4 Bf4 29. Qa2 b6 30. h3 Qc7 31. Ke2 h5 32. Qc2 Bg5 33. Ra1 Be7 34. Rc1 Bg5
35. Ra1 Be7 36. Qd1 Bc5 37. Rc1 Qe7 38. Qg1 Qe6 39. Qg3 Kf6 40. h4 Kg7 41. Qg5
Be7 42. Qg3 Bf6 43. Ne3 Rxa4 44. Nd5 Bxh4 45. Qxh4 Qxd5 46. exd5 Rxh4 47. Rc6
Rd4 48. d6 Kf6 49. Rxb6 Rd5 50. Ke3 Ke6 51. Ke4 Rd4+ 52. Ke3 Rd5 53. Ke4 Rd4+
54. Ke3 a4 55. Ra6 Rb4 56. Ra7 Rxb5 57. Rxa4 Kxd6 58. f4 exf4+ 59. Rxf4 Re5+ 60.
Kf3 f5 61. Ra4 g5 62. Ra6+ Kd5 63. Rh6 h4 64. Rh5 f4 65. Rh8 Kd4 66. Kg4 Kxd3
67. f3 Ke3 68. Ra8 Kf2 69. Ra1 Re1 70. Ra2+ Re2 71. Ra3 Kg2 0-1

[Event "London Classic Open 2014"]
[Site "London ENG"]
[Date "2014.12.13"]
[Round "7.52"]
[White "McKerracher, Douglas"]
[Black "Gupta, Arul"]
[Result "0-1"]
[WhiteElo "1980"]
[BlackElo "2065"]
[WhiteFideId "2401002"]
[BlackFideId "422622"]
[EventDate "2014.12.08"]

1. e4 e5 2. Nf3 Nc6 3. Bb5 a6 4. Bxc6 dxc6 5. O-O Bg4 6. d3 Qf6 7. Nbd2 Ne7 8.
Re1 Ng6 9. h3 h5 10. d4 Nf4 11. hxg4 hxg4 12. Nh2 Nxg2 13. Kxg2 Rxh2+ 14. Kxh2
Qxf2+ 15. Kh1 g3 0-1

[Event "London Classic Open 2014"]
[Site "London ENG"]
[Date "2014.12.13"]
[Round "7.53"]
[White "Shepley, Julien M"]
[Black "Gutkind, Kedem"]
[Result "1-0"]
[WhiteElo "1942"]
[BlackElo "2064"]
[WhiteFideId "403210"]
[BlackFideId "1046519"]
[EventDate "2014.12.08"]

1. e4 e6 2. d4 d5 3. Nd2 c5 4. Ngf3 cxd4 5. exd5 Qxd5 6. Bc4 Qd6 7. O-O Nf6 8.
Nb3 Nc6 9. Nbxd4 Nxd4 10. Nxd4 a6 11. Re1 Qc7 12. Bb3 Bd6 13. Nf5 Bxh2+ 14. Kh1
O-O 15. Nxg7 Rd8 16. Qf3 Kxg7 17. Bh6+ Kg6 18. c3 Nh5 19. Re4 f5 20. Rh4 Nf6 21.
Rxh2 Bd7 22. Bf4 Qc5 23. Be3 Qc7 24. Rh6+ Kg7 25. Rxf6 Kxf6 26. Qh5 Rg8 27. Qh6+
Rg6 28. Bg5+ Kf7 29. Qxh7+ Rg7 30. Qxf5+ Kg8 31. Bh6 Rh7 32. Qg6+ Kh8 33. Qf6+
Kg8 34. Bc2 Bc6 35. Qxe6+ Kh8 36. Qf6+ 1-0

[Event "London Classic Open 2014"]
[Site "London ENG"]
[Date "2014.12.13"]
[Round "7.54"]
[White "Johansson, Toni"]
[Black "Kalavannan, Koby"]
[Result "1-0"]
[WhiteElo "2062"]
[BlackElo "1935"]
[WhiteFideId "1703269"]
[BlackFideId "425753"]
[EventDate "2014.12.08"]

1. c4 g6 2. g3 Bg7 3. Bg2 e5 4. Nc3 Ne7 5. d3 O-O 6. h4 d6 7. h5 Nbc6 8. hxg6
hxg6 9. e4 Nd4 10. Be3 c5 11. Qd2 f6 12. O-O-O a6 13. Bh6 Rf7 14. Nf3 Bg4 15.
Nxd4 cxd4 16. Ne2 b5 17. Rh4 Qd7 18. Rdh1 Rc8 19. Bxg7 Rxg7 20. b3 Be6 21. Kb2
Nc6 22. f4 a5 23. cxb5 Nb4 24. Rh8+ Kf7 25. Rxc8 Qxc8 26. a3 Qc5 27. axb4 axb4
28. Qc2 Qxb5 29. Qc7+ Qd7 30. Qb6 d5 31. Rc1 Ke8 32. exd5 Bg4 33. fxe5 Bxe2 34.
Qb8+ Ke7 35. Rc7 Bxd3 36. Rxd7+ Kxd7 37. Qb7+ Kd8 38. Qxg7 fxe5 39. Qxe5 Bf5 40.
d6 Bd7 41. Bc6 Bxc6 1-0

[Event "London Classic Open 2014"]
[Site "London ENG"]
[Date "2014.12.13"]
[Round "7.55"]
[White "Disu, Kayode"]
[Black "Villiers, Thomas"]
[Result "1/2-1/2"]
[WhiteElo "1879"]
[BlackElo "2061"]
[WhiteFideId "432849"]
[BlackFideId "427209"]
[EventDate "2014.12.08"]

1. e4 Nf6 2. e5 Nd5 3. d4 d6 4. Nf3 dxe5 5. Nxe5 g6 6. Be2 Bg7 7. O-O O-O 8. c4
Nb6 9. Bf4 N8d7 10. Nc3 c5 11. Nxd7 Nxd7 12. d5 Nb6 13. Rc1 Bd7 14. Re1 Re8 15.
b3 Nc8 16. Qd2 Nd6 17. Bf3 Qa5 18. Ne4 Qxd2 19. Bxd2 b6 20. Nxd6 exd6 21. Bf4
Bf8 22. Be4 b5 23. Re3 f5 24. Bd3 Rxe3 25. Bxe3 b4 26. Bf4 a5 27. a4 bxa3 28.
Ra1 Re8 29. Kf1 a4 30. bxa4 Ra8 31. Bc2 Bxa4 32. Rxa3 Bc6 33. Rxa8 Bxa8 34. Ba4
Bb7 35. Bc6 Ba6 36. Bb5 Bc8 37. Bg5 Kf7 38. Bd8 Bg7 39. f4 h6 40. Ke2 Bb2 41. h4
Bc1 42. g3 Bb2 43. Kf3 Bg7 44. Ke3 Bd4+ 45. Kf3 Bf6 46. Bxf6 Kxf6 47. Ke3 Ke7
48. Kd3 Bd7 49. Bxd7 Kxd7 50. Kc3 Kc7 51. Kb3 1/2-1/2

[Event "London Classic Open 2014"]
[Site "London ENG"]
[Date "2014.12.13"]
[Round "7.56"]
[White "Rozycki, Bartlomiej"]
[Black "Sakai, Sou"]
[Result "1/2-1/2"]
[WhiteElo "2085"]
[BlackElo "1881"]
[WhiteFideId "1106996"]
[BlackFideId "7001487"]
[EventDate "2014.12.08"]

1. d4 d6 2. e4 Nf6 3. Nc3 e5 4. Nf3 Nbd7 5. Bc4 Be7 6. h3 O-O 7. a4 c6 8. O-O
Nxe4 9. Nxe4 d5 10. Nxe5 Nxe5 11. dxe5 dxc4 12. Qe2 Be6 13. Rd1 Qc7 14. f4 Rfd8
15. Rxd8+ Rxd8 16. Be3 Qa5 17. Kh2 b5 18. Bc5 Bxc5 19. Nxc5 Qd2 20. Qxd2 Rxd2
21. Nxe6 fxe6 22. axb5 cxb5 23. c3 Rxb2 24. Rxa7 b4 25. Rc7 bxc3 26. Rxc4 c2 27.
Rc7 h6 28. Kg3 Kh7 29. Kf3 Kg6 30. Rc6 Kf7 31. Kg3 Ra2 32. Rc7+ Kg6 33. Kf3 Ra3+
34. Kg4 Ra2 35. g3 Rb2 36. Kh4 Kf5 37. Rc4 g5+ 38. Kh5 gxf4 39. gxf4 Rb3 40. h4
Rh3 41. Rxc2 Kxf4 42. Rc5 Kf5 43. Ra5 Rh2 44. Rb5 Rh3 45. Ra5 Rh2 46. Ra4 Kxe5
47. Kxh6 Kf5 48. h5 e5 49. Ra5 Kf4 50. Kg6 e4 51. h6 e3 52. h7 e2 53. Ra1 Kf3 1/2-1/2

[Event "London Classic Open 2014"]
[Site "London ENG"]
[Date "2014.12.13"]
[Round "7.57"]
[White "Lobersli, Henrik Oie"]
[Black "Wall, Tim P"]
[Result "0-1"]
[BlackTitle "FM"]
[WhiteElo "1961"]
[BlackElo "2276"]
[WhiteFideId "1511947"]
[BlackFideId "401641"]
[EventDate "2014.12.08"]

1. e4 e6 2. d4 a6 3. Nc3 b5 4. Nf3 Bb7 5. Bd3 c5 6. dxc5 Bxc5 7. O-O Nc6 8. Re1
Nge7 9. Be3 Bxe3 10. Rxe3 d6 11. a4 b4 12. Na2 Ng6 13. c3 bxc3 14. Nxc3 O-O 15.
Bf1 Qe7 16. a5 Rab8 17. Qa4 Nge5 18. b4 Nxf3+ 19. Rxf3 Ne5 20. Re3 f5 21. exf5
Rxf5 22. b5 Rbf8 23. Ra2 Qf6 24. Nd1 axb5 25. Qb4 Nf3+ 26. gxf3 Rg5+ 27. Bg2 Qg6
28. Kf1 Rxg2 29. Ke2 Bd5 30. Raa3 Qc2+ 31. Qd2 Bc4+ 32. Red3 Bxd3+ 33. Rxd3
Qxd2+ 34. Rxd2 Ra8 35. Rxd6 Rxa5 36. Rxe6 Rxh2 0-1

[Event "London Classic Open 2014"]
[Site "London ENG"]
[Date "2014.12.13"]
[Round "7.58"]
[White "Farkas, Lajos Dr."]
[Black "Cohen, Ronnie"]
[Result "1-0"]
[WhiteElo "2219"]
[BlackElo "1929"]
[WhiteFideId "711390"]
[BlackFideId "412082"]
[EventDate "2014.12.08"]

1. d4 Nf6 2. c4 g6 3. Nc3 Bg7 4. e4 d6 5. Be2 O-O 6. Nf3 e5 7. O-O Nc6 8. d5 Ne7
9. Ne1 Nd7 10. Be3 f5 11. f3 f4 12. Bf2 g5 13. Rc1 Ng6 14. Nd3 Rf7 15. c5 Nf6
16. cxd6 cxd6 17. Nb5 a6 18. Nc3 h5 19. Na4 g4 20. Nb6 gxf3 21. Bxf3 Bg4 22.
Nxa8 Qxa8 23. h3 Bxf3 24. gxf3 Qd8 25. Kh2 h4 26. Rg1 Kh7 27. Be1 Nh5 28. Nf2
Ng3 29. Ng4 Qb6 30. Rc2 Rc7 31. Bf2 Rxc2 32. Qxc2 Qb5 33. a4 Qa5 34. Ra1 Nh8 35.
Qc3 Qd8 36. a5 Nf7 37. Bb6 Qe8 38. Qd3 Ng5 39. b3 Kg6 40. Rc1 Bf6 41. Kg2 Be7
42. Rc7 Nh5 43. Qc4 Nf6 44. Qa4 Qf8 45. Nxf6 Qxf6 46. Qe8+ 1-0

[Event "London Classic Open 2014"]
[Site "London ENG"]
[Date "2014.12.13"]
[Round "7.59"]
[White "Woong, Zhi Wei William"]
[Black "Sathyanandha, Saravanan"]
[Result "0-1"]
[WhiteElo "1912"]
[BlackElo "2190"]
[WhiteFideId "5804906"]
[BlackFideId "470929"]
[EventDate "2014.12.08"]

1. e4 e6 2. d4 d5 3. Nc3 Nf6 4. Bg5 Be7 5. e5 Nfd7 6. Bxe7 Qxe7 7. f4 a6 8. Nf3
c5 9. Qd2 Nc6 10. dxc5 Nxc5 11. Bd3 f5 12. exf6 Qxf6 13. O-O O-O 14. Ne5 Nxd3
15. Qxd3 Nxe5 16. fxe5 Qe7 17. Ne2 Bd7 18. Nd4 Qg5 19. Qg3 Qxg3 20. hxg3 Rxf1+
21. Rxf1 a5 22. Rf3 Rc8 23. Rb3 b5 24. c3 Rc4 25. a3 h6 26. Kf2 Kh7 27. Ke3 Kg6
28. Kd3 Kg5 29. a4 b4 30. cxb4 axb4 31. Nb5 Kg4 32. Kd2 h5 33. Rf3 Bxb5 34. axb5
Rc7 35. Ke3 Rb7 36. Rf4+ Kxg3 37. Rxb4 g5 38. Kd4 Kxg2 39. Kc5 h4 40. Rg4+ Kf2
41. Rxg5 Rh7 42. b6 h3 43. b7 Rxb7 44. Rh5 Rb3 45. Rh6 Kg2 46. Rxe6 h2 47. Rg6+
Rg3 48. Rh6 Rh3 0-1

[Event "London Classic Open 2014"]
[Site "London ENG"]
[Date "2014.12.13"]
[Round "7.60"]
[White "Basson, Heinrich"]
[Black "Quinn, John M"]
[Result "0-1"]
[WhiteElo "1899"]
[BlackElo "2131"]
[WhiteFideId "14301440"]
[BlackFideId "405043"]
[EventDate "2014.12.08"]

1. d4 Nf6 2. c4 g6 3. Nc3 Bg7 4. e4 d6 5. f3 O-O 6. Be3 Nc6 7. Nge2 a6 8. Qd2
Bd7 9. g3 e6 10. Rb1 Na5 11. Nc1 b5 12. cxb5 axb5 13. Nxb5 Qb8 14. Nc3 c5 15.
dxc5 dxc5 16. Be2 Rd8 17. Qc2 c4 18. O-O Bc6 19. Rd1 Qb7 20. b3 cxb3 21. Nxb3
Rxd1+ 22. Bxd1 Nc4 23. Qc1 Nxe3 24. Qxe3 Nd7 25. Na5 Qc7 26. Nxc6 Qxc6 27. Rc1
Qc4 28. Ne2 Qxa2 29. Rc2 Qa5 30. Qd2 Qb6+ 31. Kg2 Ne5 32. Qd4 Qxd4 33. Nxd4 Rd8
34. f4 Rxd4 35. Rc8+ Bf8 36. Bc2 Rd2+ 37. Kf1 Ng4 0-1

[Event "London Classic Open 2014"]
[Site "London ENG"]
[Date "2014.12.13"]
[Round "7.61"]
[White "Akshay V Halagannavar"]
[Black "Kalaiyalahan, Akshaya"]
[Result "1/2-1/2"]
[WhiteElo "1881"]
[BlackElo "2080"]
[WhiteFideId "25020188"]
[BlackFideId "422894"]
[EventDate "2014.12.08"]

1. e4 c5 2. Nf3 Nc6 3. Bb5 g6 4. Bxc6 dxc6 5. h3 Bg7 6. O-O e5 7. Nc3 Ne7 8. d3
O-O 9. Be3 b6 10. Re1 h6 11. a4 a5 12. Nd2 Qc7 13. f3 f5 14. exf5 gxf5 15. Bf2
Nd5 16. Bg3 Ba6 17. Nc4 f4 18. Bf2 Nxc3 19. bxc3 Bxc4 20. dxc4 Rf6 21. Qe2 Rg6
22. Qe4 Rd6 23. Rad1 Rad8 24. Rd3 Rxd3 25. cxd3 Qd6 26. Rd1 Rd7 27. Rd2 Kh8 28.
Bh4 Kg8 29. Kf1 Bf8 30. Qf5 Bg7 31. Qe4 Qc7 32. Re2 Qd6 33. Rd2 1/2-1/2

[Event "London Classic Open 2014"]
[Site "London ENG"]
[Date "2014.12.13"]
[Round "7.62"]
[White "Fernandez Aransay, Fernando"]
[Black "Rogers, Tim L"]
[Result "1-0"]
[WhiteElo "1861"]
[BlackElo "2046"]
[WhiteFideId "2216280"]
[BlackFideId "418137"]
[EventDate "2014.12.08"]

1. e4 c6 2. d4 d5 3. exd5 cxd5 4. Bd3 Nc6 5. c3 Nf6 6. Bf4 g6 7. Nf3 Bg7 8. O-O
O-O 9. h3 Re8 10. Re1 Qb6 11. Qb3 Qxb3 12. axb3 a6 13. Na3 b5 14. Nxb5 1-0

[Event "London Classic Open 2014"]
[Site "London ENG"]
[Date "2014.12.13"]
[Round "7.63"]
[White "Anbukumar, Hajane"]
[Black "Cannon, Richard J"]
[Result "0-1"]
[WhiteElo "1845"]
[BlackElo "2041"]
[WhiteFideId "428647"]
[BlackFideId "408670"]
[EventDate "2014.12.08"]

1. e4 e6 2. d4 d5 3. Nc3 Nf6 4. Bg5 Bb4 5. e5 h6 6. Bd2 Bxc3 7. bxc3 Ne4 8. Bd3
Nxd2 9. Qxd2 c5 10. f4 Nc6 11. Nf3 Qa5 12. a4 Bd7 13. g4 O-O-O 14. Bb5 Ne7 15.
Kf2 a6 16. Bxd7+ Rxd7 17. Qd3 Rc7 18. Ra3 Nc6 19. Ke2 Kb8 20. Rb1 Rhc8 21. Kd2
cxd4 22. Nxd4 Nxd4 23. Qxd4 Rc4 24. Qe3 d4 25. Qf3 dxc3+ 26. Ke1 Qd5 27. Qxd5
exd5 28. Rab3 R8c7 29. Rb4 a5 30. Rxc4 Rxc4 31. Rb5 Rxf4 32. Rxd5 Rxa4 33. h3
Re4+ 34. Kf2 a4 35. Kf3 Rc4 36. Ke3 b6 37. Rd7 Rc7 38. Rd4 Ra7 39. Rb4 Kb7 40.
Kd4 a3 41. Rb1 a2 42. Ra1 Kc6 43. Kxc3 Kd5 44. Kb4 Kxe5 45. Kb5 Kd4 46. Kb4 g6
47. h4 f6 48. c4 Kd3 49. Kb3 h5 50. gxh5 gxh5 51. Rd1+ Ke2 52. Ra1 f5 53. Kc3 f4
54. Kd4 f3 0-1

[Event "London Classic Open 2014"]
[Site "London ENG"]
[Date "2014.12.13"]
[Round "7.64"]
[White "Ismailov, Roman"]
[Black "Strand, Oyvin"]
[Result "1-0"]
[WhiteElo "2010"]
[BlackElo "1877"]
[WhiteFideId "12807710"]
[BlackFideId "1507230"]
[EventDate "2014.12.08"]

1. d4 d5 2. Nf3 e6 3. c4 f5 4. Nc3 Nf6 5. Rb1 a5 6. a3 Na6 7. g3 c6 8. Bg2 Bd6
9. c5 Bc7 10. b4 Ne4 11. Qc2 Nxc3 12. Qxc3 axb4 13. axb4 h6 14. O-O Bd7 15. Ne1
O-O 16. Nd3 g5 17. f3 Qe7 18. Bd2 Rae8 19. e4 Qg7 20. Rbe1 Bb8 21. exf5 exf5 22.
f4 g4 23. b5 Nc7 24. bxc6 bxc6 25. Ne5 Nb5 26. Qb4 Bxe5 27. fxe5 Nc7 28. Ra1 Ne6
29. Ra7 Rf7 30. Be3 Ref8 31. Qd2 Kh7 32. Rb1 h5 33. Bf1 f4 34. Bd3+ Kg8 35. gxf4
Nxf4 36. Bxf4 Rxf4 37. Rbb7 R4f7 38. Qe3 Be6 39. Rxf7 Rxf7 40. Rxf7 Kxf7 41.
Qf2+ Ke8 42. Qa2 Qh6 43. Qf2 Bf7 44. Kf1 Qc1+ 45. Ke2 Qg5 46. Qe3 Qh4 47. Qf4
Qe7 48. Qh6 Qb7 49. Ke3 Qd7 50. Kf4 g3 51. Bf5 Qb7 52. hxg3 Qb5 53. e6 Qf1+ 54.
Ke5 Qe2+ 55. Kd6 Bg8 56. Bg6+ Kd8 57. Qf8# 1-0

[Event "London Classic Open 2014"]
[Site "London ENG"]
[Date "2014.12.13"]
[Round "7.65"]
[White "Millward, Kevin P"]
[Black "Rygg, Snorre"]
[Result "1/2-1/2"]
[WhiteElo "2010"]
[BlackElo "1865"]
[WhiteFideId "404721"]
[BlackFideId "1516035"]
[EventDate "2014.12.08"]

1. e4 c5 2. Nc3 d6 3. g3 Nc6 4. Bg2 e6 5. d3 Nf6 6. Nge2 Be7 7. O-O Bd7 8. Be3
O-O 9. h3 d5 10. exd5 exd5 11. Bg5 d4 12. Bxf6 Bxf6 13. Ne4 Be7 14. Kh2 f5 15.
Nd2 Bd6 16. f4 Re8 17. Nc4 Bc7 18. a4 Qf6 19. Qd2 Re7 20. Rae1 Rae8 21. Ng1 b6
22. Nf3 a6 23. Rxe7 Rxe7 24. Re1 b5 25. axb5 axb5 26. Rxe7 Qxe7 27. Na3 Nd8 28.
Kg1 Nf7 29. h4 h6 30. Kf2 g5 31. hxg5 hxg5 32. Nb1 gxf4 33. gxf4 Qd6 34. c3 dxc3
35. Nxc3 b4 36. Ne2 Bb5 37. d4 Bb6 38. dxc5 Qxc5+ 39. Ned4 Bc6 40. Kg3 Nd6 41.
Kh2 Bxf3 42. Nxf3 Ne4 43. Qd7 Qf2 44. Qe8+ Kg7 45. Qe7+ Kg8 46. Qe8+ Kg7 47.
Qe7+ 1/2-1/2

[Event "London Classic Open 2014"]
[Site "London ENG"]
[Date "2014.12.13"]
[Round "7.66"]
[White "Sharma, Amit"]
[Black "Machlik, Jon"]
[Result "0-1"]
[WhiteElo "2006"]
[BlackElo "1852"]
[WhiteFideId "5020522"]
[BlackFideId "1513613"]
[EventDate "2014.12.08"]

1. e4 e5 2. Nf3 Nc6 3. Bb5 a6 4. Ba4 Nf6 5. O-O b5 6. Bb3 Bb7 7. Re1 Bc5 8. c3
d6 9. d4 Bb6 10. Bg5 h6 11. Bh4 g5 12. dxe5 gxh4 13. exf6 Qxf6 14. Bd5 O-O-O 15.
a4 Kb8 16. axb5 axb5 17. Na3 h3 18. g3 Ne5 19. Nd4 Bxd4 20. cxd4 Nf3+ 21. Kf1
Nxe1 22. Bxb7 Kxb7 23. Kxe1 c6 24. d5 Qe5 25. dxc6+ Kxc6 26. Qd3 Rhe8 27. f3 Kb6
28. Rd1 f5 29. Qb3 Qc5 30. Rd5 Qg1+ 31. Ke2 Qxh2+ 32. Ke3 Rxe4+ 0-1

[Event "London Classic Open 2014"]
[Site "London ENG"]
[Date "2014.12.13"]
[Round "7.67"]
[White "Brozel, Sacha"]
[Black "Calvert, D Ian"]
[Result "1/2-1/2"]
[WhiteElo "1822"]
[BlackElo "1982"]
[WhiteFideId "429317"]
[BlackFideId "406368"]
[EventDate "2014.12.08"]

1. c4 Nf6 2. g3 c6 3. Bg2 d5 4. Nf3 g6 5. b3 Bg7 6. Bb2 O-O 7. O-O Nbd7 8. d4
Ne4 9. Nbd2 Ndf6 10. Ne5 Nxd2 11. Qxd2 Ng4 12. Rfd1 Be6 13. Nxg4 Bxg4 14. Qg5
Be6 15. Rac1 Qd7 16. Rc2 Rac8 17. e4 dxe4 18. Bxe4 Bf5 19. Bxf5 Qxf5 20. Qxf5
gxf5 21. Ba3 Bf6 22. d5 Rfd8 23. Rcd2 cxd5 24. Rxd5 e6 25. Rxd8+ Rxd8 26. Rxd8+
Bxd8 27. Kg2 e5 28. Bc5 a6 29. Kf3 Kg7 30. b4 Kf6 31. a4 Ke6 32. h4 h5 33. a5 1/2-1/2

[Event "London Classic Open 2014"]
[Site "London ENG"]
[Date "2014.12.13"]
[Round "7.68"]
[White "Acosta, Mariano USA"]
[Black "Terzo, Andrea"]
[Result "1-0"]
[WhiteElo "1981"]
[BlackElo "1809"]
[WhiteFideId "2008629"]
[BlackFideId "897353"]
[EventDate "2014.12.08"]

1. d4 d5 2. Nf3 Nf6 3. e3 Bf5 4. c4 e6 5. Qb3 Nc6 6. cxd5 Nxd5 7. Nc3 Na5 8. Qd1
Bb4 9. Bd2 Nxc3 10. bxc3 Bd6 11. c4 c5 12. Qa4+ Nc6 13. d5 exd5 14. cxd5 O-O 15.
dxc6 bxc6 16. Bc4 Qf6 17. O-O Qg6 18. Nh4 Qh5 19. g3 Bh3 20. Rfd1 Bg4 21. Bc3
Bxd1 22. Qxd1 Qxd1+ 23. Rxd1 Rfd8 24. Nf3 Be7 25. Rxd8+ Rxd8 26. Ne5 Rd1+ 27.
Kg2 Rc1 28. Bxf7+ Kf8 29. Ba5 Bf6 30. Nd3 Rd1 31. Bc4 Ke7 32. h4 Rb1 33. Kf3 Ke8
34. Nxc5 Rc1 35. Ne4 Be7 36. Bb3 c5 37. Bd2 Rh1 38. Bc3 Bf8 39. Ke2 h6 40. Kd3
Kd7 41. Kc4 Rf1 42. Kb5 Kc7 43. Be5+ Kc8 44. Ka6 Rc1 45. Nd2 g5 46. hxg5 hxg5
47. Kxa7 Rh1 48. Kb6 Rh6+ 49. Kb5 Kd7 50. Ne4 Rh2 51. g4 Rg2 52. Bg3 1-0

[Event "London Classic Open 2014"]
[Site "London ENG"]
[Date "2014.12.13"]
[Round "7.69"]
[White "Yu, Derek"]
[Black "Klingher, Dominic"]
[Result "1/2-1/2"]
[WhiteElo "1973"]
[BlackElo "1799"]
[WhiteFideId "3206203"]
[BlackFideId "428850"]
[EventDate "2014.12.08"]

1. e4 e6 2. c4 Nc6 3. Nc3 Bb4 4. Nge2 Nf6 5. a3 Bxc3 6. Nxc3 e5 7. d3 d6 8. f4
Nd4 9. f5 O-O 10. Bg5 c6 11. h4 h6 12. Be3 Qb6 13. b4 d5 14. c5 Qc7 15. g4 Nxg4
16. Qxg4 Nc2+ 17. Kd2 Nxe3 18. Kxe3 d4+ 19. Kd2 dxc3+ 20. Kxc3 a5 21. Be2 f6 22.
Bd1 Qd7 23. Bb3+ Kh8 24. Rag1 Re8 25. Rg2 Re7 26. Rhg1 axb4+ 27. axb4 Qd4+ 28.
Kc2 Qxb4 29. Qh5 Ra3 30. Bc4 Qc3+ 31. Kd1 Ra1+ 32. Ke2 Rxg1 33. Rxg1 Qc2+ 34.
Ke3 Bd7 35. Ra1 Be8 36. Ra8 Qc1+ 37. Ke2 Qc2+ 38. Ke3 1/2-1/2

[Event "London Classic Open 2014"]
[Site "London ENG"]
[Date "2014.12.13"]
[Round "7.71"]
[White "Parry, Jacques"]
[Black "Ditmas, Hugh"]
[Result "0-1"]
[WhiteElo "1783"]
[BlackElo "1993"]
[WhiteFideId "425923"]
[BlackFideId "1270666"]
[EventDate "2014.12.08"]

1. e4 c5 2. Nf3 Nc6 3. d4 cxd4 4. Nxd4 Nf6 5. Nc3 e5 6. Ndb5 d6 7. Bg5 a6 8. Na3
b5 9. Nd5 Be7 10. Bxf6 Bxf6 11. c3 Bg5 12. Nc2 O-O 13. Nce3 Be6 14. Bd3 Ne7 15.
Bc2 Bxe3 16. Nxe3 d5 17. Nf5 Nxf5 18. exf5 Bc8 19. Qh5 Qf6 20. O-O-O Bb7 21. Rd3
Rad8 22. Rh3 h6 23. Rg3 Rfe8 24. h4 d4 25. Rhh3 e4 26. cxd4 Rxd4 27. Rc3 Qd6 28.
Rhe3 b4 29. Bb3 Bd5 30. Bxd5 Qxd5 31. Rc7 Rc4+ 32. Rxc4 Qxc4+ 33. Kb1 Qf1+ 34.
Kc2 Rc8+ 0-1